000 00569nam a2200229Ia 4500
003 OSt
005 20220924145141.0
006 a|||||r|||| 00| 0
007 ta
008 220923b |||||||| |||| 00| 0 per d
024 _a326220
037 _cTextual
040 _aARTS
_cARTS
_bper
041 _2per
_aper
082 _aO164,1x, L5
100 _aShafie Bariq Au.
_9219167
245 0 _aSheepoor-e-inqalab
260 _c1975
650 _aPERSIAN POETRY
942 _hO164,1x, L5
_cTEXL
_2CC
999 _c459221
_d459221